000 00409nam a2200181Ia 4500
005 20250423094443.0
008 250422s9999 xx 000 0 und d
020 _a0-07-100263-4
050 _aTK 454.P28/
100 _aClayton R Paul
245 0 _aAnalysis of Linear Circuits
260 _aNew York
260 _bMcGraw-Hill
260 _c1989
300 _a792 p
650 _aLinear
942 _cBK
999 _c27286
_d27286